Básne

Bibliographic Details
Main Author: Krasko, Ivan, 1876-1958 (Author)
Other Authors: Milly, Dezider, 1906-1971 (Illustrator)
Format: Book
Language:Slovak
PhysicalDescription:114, [7] s. ilustr. V. 8°
Published: Turčiansky Sv. Martin Matica slovenská 1948
ISBN:(viazané)
Edition:3. vyd.
Subjects:

MARC

LEADER 00000cam a2200000 a 4500
001 vtls008380584
003 SK-MaSNL
005 20260301093909.0
008 230403s1948 xo a 000 p slo
015 |a SNBA19451955-005961 
020 |a (viazané) 
035 |a SK01SNKBKSFS20010072801 
035 |a urn:nbn:sk:snk-am3hm53 
035 |a 1DDFE9AA-889D-47AD-8212-39BE2255D132 
035 |a urn:nbn:sk:snk-am00d581 
035 |a SKM000075264 
040 |a SNK  |b slo  |c SNK  |e AACR2 
041 0 |a slo 
044 |a xo  |c SK 
080 |a 885.4-1  |2 1981 
080 |a 929 Krasko, Ivan  |2 1981 
100 1 |a Krasko, Ivan,  |d 1876-1958  |4 aut  |9 85685 
245 1 0 |a Básne  |c Ivan Krasko ; (ilustr. Dezider Milly) 
250 |a 3. vyd. 
260 |a Turčiansky Sv. Martin  |b Matica slovenská  |c 1948  |e Turčiansky Sv. Martin  |f Neografia 
300 |a 114, [7] s.  |b ilustr.  |c V. 8° 
500 |a Frontispice 
655 7 |a slovenská poézia  |2 SNKPH  |9 70444 
700 1 |a Milly, Dezider,  |d 1906-1971  |4 ill  |9 193735 
700 1 |a Brtáň, Rudo,  |d 1907-1998  |4 red  |9 105140 
852 |a Slovenská národná knižnica 
954 |a beletria pôvodná (slovenská)  |2 lita 
958 |a EUIPO 
958 |a OND 
958 |a RK 
958 |a TL 
958 |a LX 
999 |c 678539  |d 680469 
952 |a SNK  |b SNK  |y PREZ  |7 0  |p 17A0745557  |o snkSC 3846  |i snk1602/48  |0 0  |1 0  |4 0  |d 2011-12-02  |f 1  |l 0  |r 2025-06-25 00:00:00  |w 2026-02-23 
952 |a SNK  |b SNK  |y VYP  |7 0  |p 17A0304553  |o snkSC 3846 D1  |i snkKSF 4428/56  |8 5  |0 0  |1 0  |4 0  |d 2001-06-21  |l 0  |r 2005-01-02 00:00:00  |w 2026-02-23 
952 |a SNKLM  |b SNKLM  |y NEVYP  |7 0  |o snklmMK 4475  |8 3  |0 0  |1 0  |4 0  |d 2006-07-18  |l 0  |r 2026-02-23 19:49:03  |w 2026-02-23